01013nam a2200241Ia 4500008004100000020001100041082001300052100001500065245002700080250000800107260003000115300001100145500002400156650001200180700001400192942000700206952009900213952012300312952012300435952009900558952009900657999001500756230524s9999 xx 000 0 und d aPCE009 a415bRAI aUrmila Rai 0aBusiness Communication a7TH aNEW DELHIbHimalayac2005 aIX;365 aQuantity Number: 5 aEnglish a S. M Rai cBK 00104070aTATCLbTATCLcGENd2023-05-24l0o415 RAIp979r2023-05-24w2023-05-24yBKzHM3102 00104070aTATCLbTATCLcGENd2023-05-24l1o415 RAIp980q2014-08-29r2024-02-01s2024-02-01w2023-05-24yBKzHM3102 00104070aTATCLbTATCLcGENd2023-05-24l1o415 RAIp981q2014-08-29r2024-02-01s2024-02-01w2023-05-24yBKzHM3102 00104070aTATCLbTATCLcGENd2023-05-24l0o415 RAIp982r2023-05-24w2023-05-24yBKzHM3102 00104070aTATCLbTATCLcGENd2023-05-24l0o415 RAIp983r2023-05-24w2023-05-24yBKzHM3102 c4577d4577